[Event "Titled Tuesday intern op 09th May Late"]
[Site "Chess.com INT"]
[Date "2023.05.09"]
[Round "2"]
[White "Bonvini, Alberto Tonhati"]
[Black "Garcia Correa, Jose Ricardo"]
[Result "0-1"]
[WhiteElo "1902"]
[BlackElo "2103"]
[PlyCount "132"]
[EventDate "2023.05.09"]
[EventType "swiss (blitz)"]
[EventRounds "11"]
[EventCountry "USA"]
[SourceTitle "CBM 214 Extra"]
[Source "ChessBase"]
[SourceDate "2023.07.31"]
[SourceVersion "1"]
[SourceVersionDate "2023.07.31"]
[SourceQuality "1"]

1. e4 e5 2. Nf3 Nc6 3. Bb5 Bc5 4. c3 Qf6 5. 0-0 Nge7 6. d4 exd4 7. Bg5 Qg6 8. cxd4 Nxd4 9. Nxd4 Qxg5 10. Nc3 0-0 11. f4 Qf6 12. e5 Qb6 13. Nce2 Qxb5 14. Kh1 Bxd4 15. Nxd4 Qxb2 16. f5 d6 17. f6 Ng6 18. fxg7 Kxg7 19. exd6 cxd6 20. h4 Nxh4 21. Rg1 Ng6 22. Rf1 Be6 23. Rb1 Qxa2 24. Rxb7 Qd5 25. Nf5+ Kh8 26. Qa1+ Qe5 27. Nxd6 Qxa1 28. Rxa1 a5 29. Ne4 a4 30. Nc5 Bb3 31. Nxb3 axb3 32. Rxa8 Rxa8 33. Rxb3 Kg7 34. Kh2 Ra4 35. Kg3 h5 36. Rb5 h4+ 37. Kh3 Ra3+ 38. Kh2 Rg3 39. Rf5 Rg4 40. Ra5 Nf4 41. Rf5 Nxg2 42. Rf3 Nf4 43. Ra3 f5 44. Ra6 Rg6 45. Ra5 Rg5 46. Ra6 Ng6 47. Rb6 Kh6 48. Kh3 Kh5 49. Rb7 Rg3+ 50. Kh2 Kg4 51. Rg7 Rh3+ 52. Kg2 Rg3+ 53. Kh2 Kg5 54. Rg8 Ra3 55. Rb8 Kg4 56. Rg8 Ra2+ 57. Kg1 Kg5 58. Kh1 f4 59. Rg7 Kf5 60. Rf7+ Kg4 61. Rg7 Ra6 62. Kg1 f3 63. Rg8 Kg3 64. Rxg6+ Rxg6 65. Kh1 Ra6 66. Kg1 Ra1# 0-1

[Event "Titled Tuesday intern op 10th Jan Late"]
[Site "Chess.com INT"]
[Date "2023.01.10"]
[Round "7"]
[White "Bonvini, Alberto Tonhati"]
[Black "Jones, Gawain C B"]
[Result "0-1"]
[WhiteElo "1906"]
[BlackElo "2623"]
[PlyCount "74"]
[EventDate "2023.01.10"]
[EventType "swiss (blitz)"]
[EventRounds "11"]
[EventCountry "USA"]
[SourceTitle "EXT 2024"]
[Source "ChessBase"]
[SourceDate "2023.10.10"]
[SourceVersion "1"]
[SourceVersionDate "2023.10.10"]
[SourceQuality "1"]

1. e4 c5 2. c3 d5 3. exd5 Nf6 4. d4 Nxd5 5. Nf3 e6 6. Bd3 Nc6 7. 0-0 cxd4 8. cxd4 Bd6 9. Nc3 Nce7 10. Be3 Bd7 11. Rc1 Bc6 12. Ne4 Bc7 13. Qb3 Nf5 14. Rfe1 0-0 15. Nc3 Nf4 16. Be4 Bxe4 17. Nxe4 Nxe3 18. fxe3 Nd5 19. Nc3 Nxc3 20. Rxc3 Ba5 21. Qxb7 Rb8 22. Qxa7 Rxb2 23. Rcc1 Bxe1 24. Rxe1 Qa8 25. Qxa8 Rxa8 26. Ra1 Raxa2 27. Rxa2 Rxa2 28. h3 Re2 29. Kf1 Rxe3 30. Kf2 Re4 31. Kg3 f6 32. h4 Kf7 33. Kf2 Ke7 34. Kg3 Kd6 35. Kf2 Kd5 36. Kg3 Rxd4 37. Nxd4 Kxd4 0-1

[Event "BRA-ch U18"]
[Site "Florianopolis"]
[Date "2021.07.02"]
[Round "2"]
[White "Labussiere, Victor"]
[Black "Bonvini, Alberto Tonhati"]
[Result "1-0"]
[WhiteElo "2317"]
[BlackElo "1894"]
[PlyCount "123"]
[EventDate "2021.07.01"]
[EventType "swiss"]
[EventRounds "6"]
[EventCountry "BRA"]
[SourceTitle "CBM 203 Extra"]
[Source "ChessBase"]
[SourceDate "2021.09.30"]
[SourceVersion "1"]
[SourceVersionDate "2021.09.30"]
[SourceQuality "1"]

1. c4 g6 2. g3 Bg7 3. Bg2 Nc6 4. Nc3 Nf6 5. e4 e6 6. Nge2 0-0 7. d4 a6 8. 0-0 Rb8 9. a4 Nb4 10. a5 b6 11. axb6 cxb6 12. e5 Ne8 13. Ne4 Bb7 14. Bd2 Nc6 15. Bg5 f6 16. exf6 Nxf6 17. Bf4 Ra8 18. Nd6 Bc8 19. d5 exd5 20. Bxd5+ Nxd5 21. Qxd5+ Kh8 22. Nf7+ Rxf7 23. Qxf7 Qe7 24. Qxe7 Nxe7 25. Nc3 Bb7 26. Rad1 Bc6 27. Rfe1 Nf5 28. Be5 Rf8 29. Nd5 b5 30. cxb5 Bxb5 31. Nc7 Ba4 32. Bxg7+ Kxg7 33. Rd2 a5 34. Ne8+ Kf7 35. Nd6+ Nxd6 36. Rxd6 Bc6 37. Rd2 Rb8 38. Re3 a4 39. f3 Rb5 40. Kf2 Kf6 41. g4 h5 42. Kg3 Rc5 43. h4 g5 44. Rd6+ Kf7 45. hxg5 Rxg5 46. Kh4 Rb5 47. g5 Rxb2 48. g6+ Kg7 49. Re7+ Kf8 50. Rf7+ Ke8 51. Rxc6 dxc6 52. Ra7 Kf8 53. Kxh5 Rg2 54. f4 a3 55. Rxa3 Kg7 56. Ra7+ Kf6 57. Rf7+ Ke6 58. f5+ Ke5 59. Kh6 Rh2+ 60. Kg7 c5 61. f6 Rg2 62. Rc7 1-0

[Event "Catanduva op"]
[Site "Catanduva"]
[Date "2020.03.15"]
[Round "5"]
[White "Da Silva, Angelo Luiz"]
[Black "Bonvini, Alberto Tonhati"]
[Result "1/2-1/2"]
[WhiteElo "1937"]
[BlackElo "1852"]
[PlyCount "48"]
[EventDate "2020.03.13"]
[EventType "swiss"]
[EventRounds "6"]
[EventCountry "BRA"]
[SourceTitle "CBM 195 Extra"]
[Source "ChessBase"]
[SourceDate "2020.05.31"]
[SourceVersion "1"]
[SourceVersionDate "2020.05.31"]
[SourceQuality "1"]

1. e4 c5 2. Nf3 Nc6 3. g3 g6 4. Bg2 Bg7 5. 0-0 e6 6. Re1 d6 7. Nc3 Nge7 8. d3 0-0 9. Be3 Nd4 10. Qd2 Nec6 11. Nd1 d5 12. Nxd4 cxd4 13. Bg5 f6 14. Bh6 dxe4 15. Bxe4 e5 16. Bxg7 Kxg7 17. f4 Qc7 18. fxe5 Nxe5 19. c3 Qb6 20. Qf2 Rd8 21. c4 Bd7 22. Bd5 Bf5 23. Qf4 Re8 24. Nf2 Rad8 1/2-1/2

[Event "Catanduva op"]
[Site "Catanduva"]
[Date "2020.03.13"]
[Round "1"]
[White "Bonvini, Alberto Tonhati"]
[Black "Silva, Caio Henrique Angel"]
[Result "1-0"]
[WhiteElo "1852"]
[BlackElo "1800"]
[PlyCount "57"]
[EventDate "2020.03.13"]
[EventType "swiss"]
[EventRounds "6"]
[EventCountry "BRA"]
[SourceTitle "CBM 195 Extra"]
[Source "ChessBase"]
[SourceDate "2020.05.31"]
[SourceVersion "1"]
[SourceVersionDate "2020.05.31"]
[SourceQuality "1"]

1. e4 c6 2. d4 d5 3. e5 Bf5 4. h4 h6 5. Bd3 Bxd3 6. Qxd3 e6 7. Nc3 c5 8. Qb5+ Qd7 9. Nf3 Nc6 10. dxc5 a6 11. Qb6 Nge7 12. Be3 Ng6 13. 0-0-0 Ngxe5 14. Nxe5 Nxe5 15. Rhe1 Nc4 16. Qb4 Nxe3 17. Rxe3 Rc8 18. Re2 Bxc5 19. Qg4 0-0 20. Nxd5 f5 21. Qf3 exd5 22. Rxd5 Qc6 23. c3 Bb6 24. Ree5 f4 25. Qg4 Bxf2 26. Rd7 Qf6 27. Ree7 Be3+ 28. Kb1 Rcd8 29. Rxg7+ 1-0

[Event "Franca op U2200"]
[Site "Franca"]
[Date "2019.06.29"]
[Round "3.2"]
[White "Bonvini, Alberto Tonhati"]
[Black "Degrande, Pedro Henrique Alve"]
[Result "1-0"]
[WhiteElo "1836"]
[BlackElo "1635"]
[PlyCount "107"]
[EventDate "2019.06.29"]
[EventType "swiss"]
[EventRounds "5"]
[EventCountry "BRA"]
[SourceTitle "EXT 2022"]
[Source "ChessBase"]
[SourceDate "2021.10.06"]
[SourceVersion "1"]
[SourceVersionDate "2021.10.06"]
[SourceQuality "1"]

1. e4 c5 2. c3 d6 3. Nf3 g6 4. Be2 Bg7 5. 0-0 Nf6 6. h3 0-0 7. d3 Nc6 8. Be3 b6 9. Qd2 Bb7 10. Bh6 Qc7 11. Bxg7 Kxg7 12. Na3 Rad8 13. Rad1 d5 14. Qc2 a6 15. Rfe1 e6 16. Bf1 dxe4 17. dxe4 Rxd1 18. Rxd1 Rd8 19. Rxd8 Qxd8 20. Nc4 Ne7 21. e5 Ne8 22. Qd2 Qxd2 23. Nfxd2 b5 24. Nd6 Nxd6 25. exd6 Nc6 26. Ne4 Nb8 27. Nxc5 Bc6 28. g3 Kf8 29. Bg2 Bxg2 30. Kxg2 a5 31. Kf3 Ke8 32. Ke4 Nc6 33. f4 f5+ 34. Ke3 e5 35. fxe5 Nxe5 36. b3 Nf7 37. d7+ Ke7 38. Kd4 Nd8 39. Kd5 h6 40. h4 b4 41. cxb4 axb4 42. Nd3 Kxd7 43. Ne5+ Ke7 44. Nxg6+ Kf6 45. Nf4 Nf7 46. Kc4 Nd6+ 47. Kxb4 Ne4 48. Ne2 Ke5 49. a4 Nd6 50. Kc3 Ke4 51. a5 Ke3 52. Nd4 Ne4+ 53. Kc4 Nxg3 54. a6 1-0

[Event "Florianopolis op 5th"]
[Site "Florianopolis"]
[Date "2019.01.26"]
[Round "9"]
[White "Bonvini, Alberto Tonhati"]
[Black "Caetano, Ryan Wesley da Cost"]
[Result "0-1"]
[WhiteElo "1880"]
[BlackElo "2008"]
[PlyCount "72"]
[EventDate "2019.01.21"]
[EventType "swiss"]
[EventRounds "10"]
[EventCountry "BRA"]
[SourceTitle "EXT 2020"]
[Source "ChessBase"]
[SourceDate "2019.10.17"]
[SourceVersion "1"]
[SourceVersionDate "2019.10.17"]
[SourceQuality "1"]

1. e4 e5 2. Nf3 Nc6 3. Bb5 f5 4. d3 fxe4 5. dxe4 Nf6 6. 0-0 d6 7. Nc3 Be7 8. Qd3 0-0 9. a3 Qe8 10. Ne1 a6 11. Bc4+ Kh8 12. Ne2 Qg6 13. Ng3 Nh5 14. Nxh5 Qxh5 15. Be3 Bd7 16. b4 Nd8 17. f4 exf4 18. Rxf4 Rxf4 19. Bxf4 Ne6 20. Bg3 Rf8 21. Nf3 Nf4 22. Bxf4 Rxf4 23. Rf1 c6 24. Ne1 Rxf1+ 25. Qxf1 Bf6 26. Bb3 Qd1 27. Kh1 h6 28. h3 Kh7 29. e5 dxe5 30. c3 Qxb3 31. Qd3+ e4 32. Qxd7 Qd5 33. Qxd5 cxd5 34. c4 d4 35. g3 d3 36. Ng2 Bd4 0-1

[Event "Florianopolis op 5th"]
[Site "Florianopolis"]
[Date "2019.01.24"]
[Round "6"]
[White "Piccoli, Lucas Fonseca"]
[Black "Bonvini, Alberto Tonhati"]
[Result "1/2-1/2"]
[WhiteElo "2062"]
[BlackElo "1880"]
[PlyCount "69"]
[EventDate "2019.01.21"]
[EventType "swiss"]
[EventRounds "10"]
[EventCountry "BRA"]
[SourceTitle "CBM 188 Extra"]
[Source "ChessBase"]
[SourceDate "2019.02.28"]
[SourceVersion "1"]
[SourceVersionDate "2019.02.28"]
[SourceQuality "1"]

1. Nf3 d5 2. c4 e6 3. g3 Nf6 4. Bg2 Be7 5. 0-0 0-0 6. d4 dxc4 7. Qc2 a6 8. Qxc4 b5 9. Qc2 Bb7 10. Bd2 Nbd7 11. Ba5 Rc8 12. Nbd2 Qe8 13. b4 Bd6 14. Rfe1 Ba8 15. Nb3 Nb6 16. Nc5 Bxc5 17. bxc5 Nc4 18. Bc3 Be4 19. Qc1 Nd5 20. Nd2 Nxd2 21. Bxd2 Bxg2 22. Kxg2 f5 23. Bf4 Qc6 24. f3 Nxf4+ 25. Qxf4 Rcd8 26. Rad1 Rfe8 27. h4 e5 28. dxe5 Rxd1 29. Rxd1 Qxc5 30. Qxf5 Qxe5 31. Qxe5 Rxe5 32. e4 Rc5 33. Rd7 a5 34. Kf2 b4 35. Ke3 1/2-1/2

[Event "BRA-ch U20"]
[Site "Sao Paulo"]
[Date "2018.07.01"]
[Round "6"]
[White "Bonvini, Alberto Tonhati"]
[Black "Silva, Kaua Marques"]
[Result "1/2-1/2"]
[WhiteElo "1906"]
[BlackElo "1884"]
[PlyCount "43"]
[EventDate "2018.06.28"]
[EventType "swiss"]
[EventRounds "6"]
[EventCountry "BRA"]
[SourceTitle "EXT 2019"]
[Source "ChessBase"]
[SourceDate "2018.10.10"]
[SourceVersion "1"]
[SourceVersionDate "2018.10.10"]
[SourceQuality "1"]

1. e4 c5 2. c3 Nf6 3. e5 Nd5 4. d4 e6 5. Nf3 cxd4 6. Qxd4 Nc6 7. Qe4 d6 8. Bb5 Bd7 9. exd6 Bxd6 10. c4 Nb6 11. 0-0 a6 12. Rd1 Qe7 13. Be3 Bc5 14. b4 Bxe3 15. Qxe3 axb5 16. Qxb6 Nxb4 17. Qxb7 Bc6 18. Qxe7+ Kxe7 19. Ne5 bxc4 20. Nc3 Ra6 21. Nxc4 Bd5 22. Ne3 1/2-1/2

[Event "BRA-ch U20"]
[Site "Sao Paulo"]
[Date "2018.06.30"]
[Round "4"]
[White "Bonvini, Alberto Tonhati"]
[Black "Rodrigues Mota, Romulo Cardoso S"]
[Result "1-0"]
[WhiteElo "1906"]
[BlackElo "1448"]
[PlyCount "65"]
[EventDate "2018.06.28"]
[EventType "swiss"]
[EventRounds "6"]
[EventCountry "BRA"]
[SourceTitle "EXT 2019"]
[Source "ChessBase"]
[SourceDate "2018.10.10"]
[SourceVersion "1"]
[SourceVersionDate "2018.10.10"]
[SourceQuality "1"]

1. e4 c5 2. c3 e5 3. Nf3 d6 4. d4 cxd4 5. cxd4 exd4 6. Nxd4 Nf6 7. Nc3 a6 8. Bf4 Nc6 9. Be2 Be7 10. 0-0 0-0 11. Rc1 Re8 12. Re1 Qb6 13. Nb3 Be6 14. Nd5 Bxd5 15. exd5 Nb4 16. Be3 Qd8 17. Bf3 a5 18. a3 Na6 19. Qd4 Nc7 20. Red1 a4 21. Nd2 Nd7 22. Qb4 Ne5 23. Bb6 Na6 24. Bxd8 Nxb4 25. Bxe7 Nbd3 26. Rc7 Nxb2 27. Rb1 Nbc4 28. Nxc4 Nxc4 29. Rxc4 Rxe7 30. h3 h6 31. Rb6 Re1+ 32. Kh2 Ra1 33. Rc3 1-0

[Event "Pocos de Caldas op"]
[Site "Pocos de Caldas"]
[Date "2018.03.04"]
[Round "6"]
[White "Alboredo, Julia"]
[Black "Bonvini, Alberto Tonhati"]
[Result "1-0"]
[WhiteElo "2118"]
[BlackElo "1948"]
[PlyCount "41"]
[EventDate "2018.03.02"]
[EventType "swiss"]
[EventRounds "6"]
[EventCountry "BRA"]
[SourceTitle "CBM 183 Extra"]
[Source "ChessBase"]
[SourceDate "2018.04.19"]
[SourceVersion "1"]
[SourceVersionDate "2018.04.19"]
[SourceQuality "1"]

1. d4 d5 2. c4 e6 3. Nc3 Nf6 4. cxd5 exd5 5. Bg5 Be7 6. e3 0-0 7. Bd3 Nbd7 8. Nge2 Re8 9. Qc2 Nf8 10. 0-0 Be6 11. f3 c5 12. Bxf6 Bxf6 13. dxc5 d4 14. Ne4 dxe3 15. Bb5 Bd7 16. Rad1 Be7 17. Bxd7 Nxd7 18. Qa4 b5 19. Qxb5 Rb8 20. Qxd7 Qxd7 21. Rxd7 1-0

[Event "South America School-ch 33rd"]
[Site "Cochabamba"]
[Date "2017.12.06"]
[Round "3.3"]
[White "Bonvini, Alberto Tonhati"]
[Black "Scayola, Gianfranco"]
[Result "1-0"]
[WhiteElo "1948"]
[BlackElo "1271"]
[PlyCount "51"]
[EventDate "2017.12.05"]
[EventType "team-tourn"]
[EventRounds "9"]
[EventCountry "BOL"]
[SourceTitle "CBM 182 Extra"]
[Source "ChessBase"]
[SourceDate "2018.02.23"]
[SourceVersion "1"]
[SourceVersionDate "2018.02.23"]
[SourceQuality "1"]
[WhiteTeam "Brazil"]
[BlackTeam "Uruguay"]
[WhiteTeamCountry "BRA"]
[BlackTeamCountry "URU"]

1. e4 e5 2. Nf3 Nc6 3. Bb5 d6 4. 0-0 Nf6 5. c3 Be7 6. Re1 0-0 7. d3 Bg4 8. Nbd2 a6 9. Ba4 b5 10. Bc2 Nh5 11. h3 Bxf3 12. Nxf3 f5 13. exf5 Rxf5 14. d4 Rf7 15. dxe5 dxe5 16. Qxd8+ Rxd8 17. Bb3 g6 18. Bh6 Rd7 19. Nxe5 Nxe5 20. Rxe5 Ng7 21. Rae1 Kf8 22. Bxf7 Kxf7 23. Bxg7 Bd6 24. Bh6 Bxe5 25. Rxe5 Rd2 26. Bxd2 1-0

[Event "BRA-ch U14"]
[Site "Brasilia"]
[Date "2017.04.22"]
[Round "3"]
[White "Takano, Nicholas Ryo"]
[Black "Bonvini, Alberto Tonhati"]
[Result "1-0"]
[WhiteElo "1772"]
[BlackElo "2020"]
[PlyCount "115"]
[EventDate "2017.04.21"]
[EventType "swiss"]
[EventRounds "6"]
[EventCountry "BRA"]
[SourceTitle "CBM 177 Extra"]
[Source "ChessBase"]
[SourceDate "2017.04.27"]
[SourceVersion "1"]
[SourceVersionDate "2017.04.27"]
[SourceQuality "1"]

1. e4 e5 2. Nf3 Nc6 3. Bc4 Nf6 4. d3 Bc5 5. c3 a6 6. Bb3 d6 7. 0-0 h6 8. Re1 Ba7 9. Nbd2 0-0 10. Nf1 Nh5 11. Be3 Qf6 12. Bxa7 Rxa7 13. Ne3 Nf4 14. Nd5 Nxd5 15. Bxd5 Ne7 16. Bb3 Be6 17. Bxe6 fxe6 18. Qe2 Ng6 19. Nd2 Raa8 20. f3 Rf7 21. Nc4 Raf8 22. Ne3 Qg5 23. Kh1 Nf4 24. Qd2 Nh5 25. Rad1 Qh4 26. d4 exd4 27. cxd4 c6 28. Ng4 Rf4 29. Kg1 Qg5 30. Qe3 Nf6 31. Nxf6+ R8xf6 32. Kh1 Qh5 33. e5 Rf7 34. exd6 Rh4 35. Qg1 Qd5 36. Re5 Qxd6 37. g3 Rxf3 38. gxh4 Rf4 39. Qg6 Rf6 40. Qe4 Rf2 41. Rg1 Kh8 42. Qg6 Qf8 43. Qe4 Rf4 44. Qe1 Rf2 45. Re3 c5 46. dxc5 e5 47. Reg3 Qf4 48. Qe3 g5 49. Qxf4 exf4 50. R3g2 Rf3 51. hxg5 h5 52. Rd2 Kg7 53. Re1 Kg6 54. Kg2 Kxg5 55. Kxf3 Kh4 56. Rd5 b6 57. Ree5 bxc5 58. Rxh5# 1-0

[Event "BRA-ch U14"]
[Site "Brasilia"]
[Date "2017.04.21"]
[Round "2"]
[White "Bonvini, Alberto Tonhati"]
[Black "Arango, Pedro Esteban"]
[Result "1-0"]
[WhiteElo "2020"]
[BlackElo "1642"]
[PlyCount "77"]
[EventDate "2017.04.21"]
[EventType "swiss"]
[EventRounds "6"]
[EventCountry "BRA"]
[SourceTitle "CBM 177 Extra"]
[Source "ChessBase"]
[SourceDate "2017.04.27"]
[SourceVersion "1"]
[SourceVersionDate "2017.04.27"]
[SourceQuality "1"]

1. e4 e5 2. Nf3 Nc6 3. Bb5 Nf6 4. 0-0 d6 5. Re1 Be7 6. c3 Bg4 7. d3 a6 8. Ba4 0-0 9. Nbd2 b5 10. Bc2 Rb8 11. Nf1 h6 12. Ng3 Qd7 13. h3 Be6 14. d4 exd4 15. cxd4 d5 16. e5 Ne4 17. Nxe4 dxe4 18. Bxe4 Bd5 19. Qc2 Rfd8 20. Be3 Nb4 21. Qb1 Qc6 22. Bxd5 Nxd5 23. Qe4 Qb6 24. Rac1 Nxe3 25. Rxe3 c5 26. d5 Re8 27. Qg4 Rbd8 28. Rd1 Qb7 29. d6 Bf8 30. a4 Qd7 31. Qxd7 Rxd7 32. axb5 axb5 33. Rd5 Ra8 34. g3 Ra2 35. Rb3 c4 36. Rbxb5 f6 37. Rb8 Kf7 38. Rc5 g6 39. Rc7 1-0